000 00539cam a2200133 4500500
005 20260111091205.0
041 _afre
042 _adc
245 0 0 _aPont. Consilium pro Laicis, Redécouvrir la Confirmation, coll. Laïcs aujourd’hui, Roma, Pont. cons. pro Laicis, 2000, 21x15, 151 p
260 _c2005.
500 _a8
786 0 _nNouvelle revue théologique | 127 | 1 | 2005-01-03 | p. 156o-166o | 0029-4845
856 4 1 _uhttps://shs.cairn.info/revue-nouvelle-revue-theologique-2005-1-page-156o?lang=fr&redirect-ssocas=7080
999 _c1620531
_d1620531